Unravelling Indian Culture : (Record no. 1430134)
[ view plain ]
| 000 -LEADER | |
|---|---|
| fixed length control field | 02516nam a2200217Ia 4500 |
| 005 - DATE AND TIME OF LATEST TRANSACTION | |
| control field | 20250602143549.0 |
| 008 - FIXED-LENGTH DATA ELEMENTS--GENERAL INFORMATION | |
| fixed length control field | 008 250516s9999 xx 000 0 eng d |
| 020 ## - INTERNATIONAL STANDARD BOOK NUMBER | |
| International Standard Book Number | 9789356816435 |
| 040 ## - CATALOGING SOURCE | |
| Language of cataloging | eng |
| Transcribing agency | SDCL |
| 041 ## - LANGUAGE CODE | |
| Language code of text/sound track or separate title | eng |
| Source of code | eng |
| 084 ## - COLON CLASSIFICATION NUMBER | |
| Classification number | Y:1.2'L R4 RR |
| 100 ## - MAIN ENTRY--PERSONAL NAME | |
| Personal name | Bhagat, Madhukar Kumar |
| 245 #0 - TITLE STATEMENT | |
| Title | Unravelling Indian Culture : |
| Remainder of title | The essence of bharat medieval India |
| 260 ## - PUBLICATION, DISTRIBUTION, ETC. | |
| Place of publication, distribution, etc. | New Delhi : |
| Name of publisher, distributor, etc. | GKP, |
| Date of publication, distribution, etc. | 2024. |
| 300 ## - PHYSICAL DESCRIPTION | |
| Extent | 216p. |
| 520 ## - SUMMARY, ETC. | |
| Summary, etc. | Unravelling Indian Culture: The Essence of Bharat takes the reader on a memorable journey through the rich and colourful tapestry of India's glorious cultural traditions and achievements.<br/><br/>The carefully compiled and curated text spread over three volumes, is illumined by more than 1500 photographs.<br/><br/>Such a wide array of photographs imparts a clear and unfiltered view of the myriad elements of Indian culture. They are thus integral to the very concept of this series, which is to offer the common reader, a lucid understanding of the range, depth and the intricacies of our rich cultural ethos. The photographs also take these three volumes into the category of an illustrated work on Indian culture.<br/><br/>This book (volume 2) covers the cultural elements of medieval India and comprises six chapters. Chapter 8, which is the first chapter of volume 2, traces the course of Indian culture beginning from the 13th century and during the next 500 years. Chapter 9 on the 'Bhakti movement and Sufism' discusses the growth of the culture of bhakti over centuries.<br/><br/>Chapter 10 which covers the subject of 'medieval architecture' is akin to a book in itself. With nearly 250 photographs, it covers a subject that is perhaps amongst the most visible and visually appealing elements of our cultural history. The chapter examines the dominant styles of architecture viz. that of the Imperial style of Delhi Sultanate, the Mughal style, the Deccani style and the Provincial styles of Mandu, Gujarat, Bengal, Jaunpur and Kashmir, amongst other styles.<br/><br/>Chapter 11 brings out the story of change in the Indian paintings from the murals of caves and temples to the miniatures of the Pala and Mughal periods. Chapter 12 is an account of medieval literature and its growth.<br/><br/>The emergence of Hindustani classical music and the growth of traditions of Carnatic music are brought out in Chapter 13 of this book. |
| 650 ## - SUBJECT ADDED ENTRY--TOPICAL TERM | |
| Topical term or geographic name entry element | Art / General |
| 9 (RLIN) | 811372 |
| 650 ## - SUBJECT ADDED ENTRY--TOPICAL TERM | |
| Topical term or geographic name entry element | Photography / General |
| 9 (RLIN) | 811373 |
| 650 ## - SUBJECT ADDED ENTRY--TOPICAL TERM | |
| Topical term or geographic name entry element | Travel / General |
| 9 (RLIN) | 811398 |
| 942 ## - ADDED ENTRY ELEMENTS (KOHA) | |
| Koha item type | Reference |
| Source of classification or shelving scheme | Colon Classification (CC) |
| Suppress in OPAC | No |
| Withdrawn status | Lost status | Source of classification or shelving scheme | Damaged status | Not for loan | Home library | Current library | Date acquired | Source of acquisition | Inventory number | Total Checkouts | Full call number | Barcode | Date last seen | Price effective from | Koha item type |
|---|---|---|---|---|---|---|---|---|---|---|---|---|---|---|---|
| Colon Classification (CC) | South Campus Library | South Campus Library | 2025-05-22 | Bookwell Publication | 771, 12/02/2025 | Y:1.2'L R4 RR | SC1691230 | 2025-05-22 | 2025-05-22 | Reference |
